| 000 | 00652cac a2200229 a 4500 | ||
|---|---|---|---|
| 003 | Co-PeBPM | ||
| 005 | 20241105190959.0 | ||
| 008 | 231129e1974||||xx |||||||||||||| ||spa|| | ||
| 020 | _a8433510274 | ||
| 040 | 0 |
_aCo-PeBPM _bspa _cCo-PeBPM _erda |
|
| 041 | _aspa | ||
| 082 | 0 | 4 |
_a111.1 R853 _222 |
| 100 | 1 |
_aRoubiczek, paul _eAutor |
|
| 245 | 0 |
_aEl Existencialismo _c/ Paul Roubiczek |
|
| 260 |
_aBarcelona, España _b: Labor _c, 1970 |
||
| 300 |
_a175 Páginas _b; 14 Centímetros |
||
| 500 | _aIncluye Índice. | ||
| 650 | 1 | 4 |
_2LEMB _aExistencialismo |
| 650 | 1 | 4 |
_2LEMB _aFilosofía |
| 700 | 1 |
_aJ.M. Garcia De La Mora _eTraductor |
|
| 942 |
_2ddc _cBK |
||
| 999 |
_c11048 _d11048 |
||